01007nam a22002535i 4500001000700000003000900007005001700016008004100033080002100074100003900095245009000134260003200224300003800256490002900294500002700323500009100350500003800441597002200479700003000501830003700531852003900568999001900607952012700626176528ES-MaACL20230906220116.0110120s1939 sp a |||| | spa d a821.134.2-22"19"1 aPérez Fernández, Pedro.99086210aMi niña b: comedia en tres actos / cPedro Pérez Fernández y Antonio Quintero. aMadrid : b[s. n., c1939?] a71 p. : bil. bl. y n. ; c17 cm.1 aBiblioteca teatral ; v6 aAnteportada ilustrada. aEn port. : Estrenada en el Teatro de la Comedia, de Madrid, el 7 de diciembre de 1939. aEncuadernado con otros títulos. aEn el lomo: 2-15.0 aQuintero, Antonio.9947180 aBiblioteca teatral ; v69190120 aES-MaACLjE-14121 (6) xOlim P-302 c176528d176528 00104070aATENEOMbATENEOMcDEPO2d2011-01-20eDONl0oE-14121 (6)p1185389r2023-02-23 00:00:00w2023-02-23yMONOGRAFIA